Sports Quiz

Random Sports or Baseball Quiz
Score 0/200 Timer 18:00
0 Plays Today
Team Nickname % Correct
Tigers
92.9%
Bulldogs
92%
Wildcats
91.4%
Aggies
90.6%
Bears
90.6%
Cardinal
88.9%
Crimson
88.9%
Eagles
87.6%
Huskies
87.2%
Crimson Tide
86.8%
Blue Devils
86.6%
Spartans
86.6%
Cougars
86%
Panthers
86%
Cardinals
85.7%
Wolverines
85.1%
Cowboys
84.7%
Hurricanes
84.3%
Broncos
84.1%
Broncs
84.1%
Fighting Illini
83.9%
Ducks
83.6%
Gators
83.6%
Wolf Pack
83.6%
Wolfpack
83.6%
Fighting Irish
83.4%
Seminoles
83.4%
Bruins
83.2%
Trojans
83.2%
Rebels
82.6%
Buffaloes
82.4%
Knights
82.2%
Falcons
82%
Badgers
81.3%
Buckeyes
80.7%
Jayhawks
80.7%
Lions
80.7%
Red Raiders
80.7%
Beavers
80.5%
Longhorns
80.5%
Sun Devils
80.3%
Tar Heels
80.3%
Orange
80.1%
Bulls
79.9%
Rams
79.7%
Sooners
79.7%
Hawkeyes
79.2%
Gamecocks
79%
Golden Gophers
79%
Bison
78.8%
Cyclones
78.8%
Mountaineers
78.6%
Owls
78.6%
Bearkats
78.4%
Aztecs
78%
Utes
77.8%
Bearcats
77.4%
Golden Bears
77.1%
Yellow Jackets
77.1%
Cornhuskers
76.9%
Hoosiers
76.7%
Black Knights
76.5%
Golden Eagles
76.5%
Pirates
76.5%
Volunteers
76.5%
Zips
76.5%
Nittany Lions
76.3%
Team Nickname % Correct
Cavaliers
75.9%
Hawks
75.9%
Bobcats
75.7%
Boilermakers
75.5%
49ers
75.3%
Demon Deacons
75.1%
Razorbacks
74.8%
Green Wave
74.4%
Golden Hurricane
74%
Commodores
72.1%
Hokies
72.1%
Terrapins
71.7%
Black Bears
71.1%
RedHawks
71.1%
Horned Frogs
70.9%
Rainbow Warriors
70.6%
Big Red
70.4%
Lobos
70.4%
Grizzlies
70%
Jaguars
70%
Midshipmen
69.8%
Vandals
68.8%
Anteaters
68.6%
Big Green
68.6%
Bluejays
68.1%
Minutemen
68.1%
Golden Flashes
67.9%
Mustangs
67.9%
Blue Raiders
67.7%
Fightin' Blue Hens
67.7%
Hilltoppers
67.7%
Miners
67.1%
Chippewas
66.9%
Hoyas
65.6%
Raiders
65.6%
Thundering Herd
65.2%
Quakers
64.8%
Vikings
64.6%
Catamounts
64.2%
Jackrabbits
63.9%
Red Wolves
63.7%
Colonials
63.1%
Mean Green
62.9%
Red Storm
62.5%
Rockets
62.3%
Patriots
62.1%
Friars
61.8%
Hornets
61.8%
Ragin' Cajuns
61.8%
Buccaneers
61.4%
Seahawks
61.4%
Terriers
60.8%
Dukes
60.6%
Great Danes
60.6%
Flyers
59.7%
Shockers
59.3%
Bengals
59.1%
Bisons
59.1%
Colonels
59.1%
Lumberjacks
59.1%
Titans
59.1%
Crusaders
58.3%
Blue Demons
57.9%
Gaels
57.9%
Musketeers
57.4%
Penguins
57.4%
Sycamores
57%
Team Nickname % Correct
Dolphins
56.8%
Salukis
56.8%
Blazers
56.6%
Chanticleers
56.4%
Roadrunners
56.4%
Redbirds
56.2%
Billikens
55.6%
Braves
55.6%
Flames
55.6%
Warhawks
55.6%
Saints
55.3%
Demons
54.9%
Pilots
54.9%
Fighting Camels
54.7%
Pioneers
54.7%
None (formerly Fighting Sioux)
54.3%
Blue Hose
53.5%
Coyotes
53%
Rattlers
53%
Purple Aces
52.8%
Seawolves
52.6%
Spiders
52.6%
Dragons
52.4%
Leopards
52.2%
Waves
52.2%
Tribe
52%
Blackbirds
51.8%
Dons
51.8%
Delta Devils
51.6%
Kangaroos
51.6%
Jaspers
51.2%
Bonnies
50.5%
Phoenix
50.1%
Racers
50.1%
Red Flash
50.1%
Explorers
49.7%
Hatters
49.3%
Ramblers
49.1%
Islanders
48.8%
Keydets
48.8%
Ospreys
48.2%
Retrievers
48%
Toreros
47.8%
Highlanders
47.6%
Mountain Hawks
47.6%
Greyhounds
47.2%
Pride
47.2%
Golden Lions
47%
Red Foxes
46.8%
Privateers
46.3%
Lancers
46.1%
Mocs
45.9%
Paladins
45.9%
Gauchos
45.1%
Stags
44.9%
Monarch
44.2%
Mastodons
44%
Governors
43.6%
Griffins
43.4%
Mavericks
43%
Skyhawks
43%
Leathernecks
42.6%
Peacocks
42.6%
Runnin' Bulldogs
41.1%
Thunderbirds
41.1%
Matadors
39.8%

You're not logged in!

Compare scores with friends on all Sporcle quizzes.
OR
Log In

Sporcle TV

Today on Sporcle TV


Watch our educational content, quiz creation guides, and fun videos on Sporcle TV.

Show Comments

Extras

Top Quizzes Today


Score Distribution

Paid Content

Your Account Isn't Verified!

In order to create a playlist on Sporcle, you need to verify the email address you used during registration. Go to your Sporcle Settings to finish the process.

Report this User

Report this user for behavior that violates our Community Guidelines.

Details: